Zamestnanosť vo väzbe na Lisabonskú stratégiu

Salvato in:
Dettagli Bibliografici
Autore principale: Rievajová, Eva
Altri autori: Wolfová, Darina
Natura: Capitolo di libro
Lingua:slovacco
Soggetti:
Tags: Aggiungi Tag
Nessun Tag, puoi essere il primo ad aggiungerne!!

MARC

LEADER 00000naa$a2200000$$$4500
001 0050684
005 20240502071601.5
041 0 |a slo 
044 |a SK 
245 1 0 |a Zamestnanosť vo väzbe na Lisabonskú stratégiu  |c Eva Rievajová, Darina Wolfová 
610 2 0 |a Slovensko 
610 2 0 |a eurozóna 
610 2 0 |a pohyb síl pracovných 
610 2 0 |a trh práce 
610 2 0 |a zamestnanosť 
610 2 0 |a produktivita práce 
610 2 0 |a miera nezamestnanosti 
610 2 0 |a politika zamestnanosti 
100 1 |a Rievajová, Eva 
700 1 |a Wolfová, Darina